Bilecik Bilecik Bilecik Bilecik Bilecik

IMF-Türkiye ilişkileri/ (Record no. 2190)

MARC details
000 -BAŞLIK
Sabit Uzunluktaki Kontrol Alanı 01645nam a22003497a 4500
001 - KONTROL NUMARASI
Control Dosyası 0002203
003 - KONTROL NUMARASI KİMLİĞİ
Kontrol Alanı KOHA_MİRAKIL
005 - EN SON İŞLEM TARİHİ ve ZAMANI
Kontrol Alanı 20260207001307.0
007 - FİZİKSEL TANIM SABİT ALAN - GENEL BİLGİ
Sabit uzunluklu kontrol alanı ta
008 - SABİT UZUNLUKTAKİ VERİ ÖGELERİ - GENEL BİLGİ
Sabit Alan 090219b2002 tu |||gr||||#||||0|tur |
020 ## - ISBN - ULUSLARARASI STANDART KİTAP NUMARASI
Isbn 975437385X
040 ## - KATALOGLAMA KAYNAĞI
Özgün Kataloglama Kurumu TR-BiSEU
Kataloglama Dili tur
Çeviri Kurumu TR-BiSEU
Açıklama Kuralları rda
041 0# - DİL KODU
Metin ya da ses kaydının dil kodu tur
044 ## - YAYINLAYAN/ÜRETEN KURULUŞUN ÜLKE KODU
ISO country code tu
050 ## - SINIFLAMA ve YER NUMARASI
Sınıflama Numarası HC492
Yer Numarası .A47 2002
100 1# - KİŞİ ADI
Yazar Adı (Kişi adı) Alpago, Hasan.
245 1# - ESER ADI BİLDİRİMİ
Başlık IMF-Türkiye ilişkileri/
Sorumluluk Bildirimi Hasan Alpago ; Hasan Alpago.
264 #1 - ÜRERİM, YAYIN, DAĞITIM ve TELİF BİLDİRİMİ
Yayın yeri İstanbul :
Yayınlayan Ötüken
Yayın tarihi 2002
300 ## - FİZİKSEL TANIMLAMA
Sayfa, Cilt vb. 200 sayfa: resimli; 25 cm.
336 ## - İÇERİK TÜRÜ
Content type term metin
Content type code txt
Source rdacontent
337 ## - MEDYA TÜRÜ
Media type term aracısız
Media type code n
Source rdamedia
338 ## - TAŞIYICI TÜRÜ
Carrier type term cilt
Carrier type code nc
Source rdacarrier
490 1# - DİZİ BİLDİRİMİ
Dizi Bildirimi Yayın Nu ;
Cilt Numarası 509.
490 1# - DİZİ BİLDİRİMİ
Dizi Bildirimi Kültür Serisi ;
Cilt Numarası 215.
500 ## - GENEL NOT
Genel Not Kaynakça var.
505 ## - İÇİNDEKİLER NOTU
İçindekiler Notu Dillerden düşmeyen 'ekenomik krizler'in içyüzü... Onunla birlikte yaşamaya çoktan alıştığımız IMF ile ilgili A'dan Z'ye her türlü bilgi ve belge... Türkiye ekonomisinin 1923'ten 2002'ye varan inişli-çıkışlı serüveni... Her gün TV ve gazetelere yansıyan Türk ve dünya ekonomisinin arka planı... Ekonomi ve siyasi tartışmalara bilinçli bakmamızı sağlayacak rehber bir kitap... Halen doktora çalışmalarını sürdüren uluslararası ekonomi uzmanı Hasan Alpago, bu çalışmasıyla, herkesi çok yakından ilgilendiren 'kriz'i karmaşık ekonomik çözümlemeleri bir yana bırakarak sade bir dille gözler önüne seriyor.
650 #0 - KONU BAŞLIĞI EK GİRİŞ - KONU TERİMİ
Konusal terim veya coğrafi ad Devaluation of currency--Turkey.
9 (RLIN) 6551
650 #0 - KONU BAŞLIĞI EK GİRİŞ - KONU TERİMİ
Konusal terim veya coğrafi ad Loans, Foreign--Turkey.
9 (RLIN) 6552
830 1# - SERİ EK GİRİŞİ - TEKBİÇİM ESER ADI
Tekbiçim Başlık Yayın Nu ;
Volume number/sequential designation 509.
9 (RLIN) 6553
830 1# - SERİ EK GİRİŞİ - TEKBİÇİM ESER ADI
Tekbiçim Başlık Kültür Serisi ;
Volume number/sequential designation 215.
9 (RLIN) 6554
942 ## - EK GİRİŞ ÖGELERİ (KOHA)
Source of classification or shelving scheme Library of Congress Classification
Koha item type Book
Holdings
Materyal Türü Kalıcı Konum Mevcut Konum Raf Yeri Sınıflandırma Kaynağı Edinim Bilgisi Ana Konular Alt Konular Yer Numarası Demirbaş Numarası Fatura Tarihi Maliyet, Alış Fiyatı Maliyet, Yenileme Fiyatı Geri Çekilme Durumu Kayıp Durumu Hasarlı Durumu Kredi için değil Kayıt Tarih Toplam Ödünçverme Son Görülme Tarihi Son Kontrol Tarihi Genel / Bağış Notu
Book Prof. Dr. Azmi Özcan Kütüphanesi Prof. Dr. Azmi Özcan Kütüphanesi Uluğbey Salonu Library of Congress Classification Bağış SOSYAL BİLİMLER Ekonomi Tarihi ve Koşulları HC492 .A47 2002 0002203 13/08/2010 5.00 5.00         19/02/2009 6 05/12/2024 05/12/2024 İİBF